000 00182 a2200097 4500
020 _a9780545101400
041 _aspa
100 _aCynthia Weill
245 _aAbecedarios
942 _cBK
999 _c14963
_d14963